Central Library OPAC University of Rajshahi

Descriptive college physics / (Record no. 51791)

MARC details
000 -LEADER
fixed length control field 00706nam a2200241 a 4500
001 - CONTROL NUMBER
control field 51791
003 - CONTROL NUMBER IDENTIFIER
rucl marc code BD-RjUL
005 - DATE AND TIME OF LATEST TRANSACTION
control field 20211209075719.0
008 - FIXED-LENGTH DATA ELEMENTS--GENERAL INFORMATION
fixed length control field 160904r19691960nyuab 001 0 eng
035 ## - SYSTEM CONTROL NUMBER
System control number (BD-RjUL)51911
040 ## - CATALOGING SOURCE
Original cataloging agency DLC
Transcribing agency DLC
Modifying agency EQO
-- BD-RjUL
Language of cataloging eng
041 ## - LANGUAGE CODE
Language code of text/sound track or separate title eng
082 ## - DEWEY DECIMAL CLASSIFICATION NUMBER
Classification number 530
Edition number 23
Author mark and year WHM 1969
100 1# - MAIN ENTRY--PERSONAL NAME
Personal name White, Harvey Elliott,
Dates associated with a name 1902-1988.
9 (RLIN) 125860
245 10 - TITLE STATEMENT
Title Descriptive college physics /
Statement of responsibility, etc. Harvey E. White.
250 ## - EDITION STATEMENT
Edition statement 3rd (Modern Asia) ed.
260 ## - PUBLICATION, DISTRIBUTION, ETC. (IMPRINT)
Place of publication, distribution, etc. New Jersey :
Name of publisher, distributor, etc. Van Nostrand Reinhold,
Date of publication, distribution, etc. 1960, [reprinting 1969]
300 ## - PHYSICAL DESCRIPTION
Pagination x, 824 p.
Illustrations ill. ;
Size 23 cm.
500 ## - GENERAL NOTE
General note Includes index
650 #0 - SUBJECT ADDED ENTRY--TOPICAL TERM
Topical term or geographic name as entry element Physics.
9 (RLIN) 154926
942 ## - ADDED ENTRY ELEMENTS (KOHA)
Source of classification or shelving scheme Dewey Decimal Classification
Koha item type Books
Holdings
Lost status Source of classification or shelving scheme Damaged status Not for loan Collection code Permanent Location Current Location Shelving location Date acquired Source of acquisition Cost, normal purchase price Total Checkouts Full call number Date last seen Copy number Koha item type
  Dewey Decimal Classification     Non-fiction Central Library, University of Rajshahi Central Library, University of Rajshahi   18/07/1973 Euro pak. New Agency, Dacca 36.57   530 WHM 1969 04/09/2016 C-2 Books